| 000 | 00731nam a22002175i 4500 | ||
|---|---|---|---|
| 001 | 163611 | ||
| 003 | ES-MaACL | ||
| 005 | 20250714080905.0 | ||
| 008 | 050715s1878 fr | |||||||| ||fre d | ||
| 040 |
_aCAM _bspa _cCAM |
||
| 100 | 1 |
_aRobert, Clémence. _9131878 |
|
| 245 | 1 | 3 |
_aLes mystères de la Bastille / _cpar Clémence Robert. |
| 260 |
_aParis : _bCalmann Lévy éditeur, _c1878 ( _fImp. A. Derenne) |
||
| 300 |
_a314 p. ; _c19 cm. |
||
| 490 | 1 | _aCollection MIchel Lévy | |
| 598 | _aLa mención de serie consta en la antep. | ||
| 752 |
_aFrancia - _dParís |
||
| 830 | 0 | 0 |
_aCollection Michel Lévy _9182425 |
| 852 |
_aES-MaACL _jD-1444 _z-- Rust. deteriorada _z-- Legado M. de la Fuente |
||
| 999 |
_c163611 _d163611 |
||